000 00434nam a2200145Ia 4500
003 OSt
005 20260130104330.0
008 211028s2018 xx 000 0 und d
040 _cAIMIT LIBRARY
041 _aeng
100 _aMenezes, Renita; Pereira, Divya.
_g1616162
_97915
245 _aStudy on focusing employee retention strategy at Mandovi motors Bangalore /
260 _aMangalore
_bDivya Pereira.
_c2018
942 _2ddc
_cPRO
999 _c219483
_d219483